Loading...
| Fine Arts - Classical Music | 2 | 15.00 | 3,200% | 450% | 450% |
| Fine Arts - Other | 4 | 10.00 | 3,625% | 0% | 425% |
| Fine Arts - Painting & Sculpture | 1 | 0.00 | 0% | 0% | 0% |
| History - American | 1 | 0.00 | 0% | 0% | 0% |
| History - European | 3 | 10.00 | 2,700% | 300% | 300% |
| History - Other | 1 | 10.00 | 0% | 0% | 800% |
| History - World | 3 | 10.00 | 0% | 400% | 267% |
| Literature - American | 5 | 8.00 | 2,600% | 180% | 160% |
| Literature - British | 2 | 10.00 | 2,450% | 450% | 0% |
| Literature - European | 4 | 12.50 | 3,625% | 400% | 200% |
| Literature - World | 4 | 10.00 | 3,625% | 0% | 425% |
| Mythology | 5 | 4.00 | 0% | 0% | 300% |
| Other | 5 | 12.00 | 980% | 640% | 160% |
| Philosophy | 2 | 5.00 | 4,050% | 0% | 0% |
| Religion | 2 | 5.00 | 0% | 400% | 0% |
| Science - Biology | 5 | 10.00 | 2,600% | 140% | 360% |
| Science - Chemistry | 1 | 0.00 | 0% | 0% | 0% |
| Science - Other | 1 | 0.00 | 0% | 0% | 0% |
| Science - Physics | 3 | 16.67 | 0% | 567% | 833% |
| Social Science | 5 | 12.00 | 2,900% | 340% | 320% |